000 00853nam a2200277 i 4500
001 C2-0249975
003 PPAK
005 20180727213805.0
008 030611s1999 caua|||| ||||| | eng d
020 _a1560065443
040 _aPPAK
_beng
_cPPAK
_erda
082 0 4 _a909
_223
090 0 0 _a909
_bKAL
_dR
100 1 _aKallen, Stuart A.,
_eauthor
245 1 4 _aThe Salem witch trials
264 1 _aSan Diego, California :
_bLucent Books ,
_c1999
300 _a96 pages :
_billustrations ;
_c24 cm
336 _2rdacontent
_atext
337 _2rdamedia
_aunmediated
338 _2rdacarrier
_avolume
490 1 _aWorld history series
500 _aIncludes bibliographical references and index
650 1 0 _aTrials (Witchcraft) - Massachusetts - Salem ; Witchcraft - Massachusetts - Salem
830 0 _aWorld history series
942 _ddc
_cB
999 _c63366
_d63366